000 01613cam a2200289 a 4500
001 000015864
005 20200929164200.0
008 050112s2004 mx b 100 0 spa d
040 _aDO-SdBNP
_bspa
_dBNPHU
111 2 _aIFLA Meeting of Experts on an International Cataloguing Code
_n(2nd :
_d2004 :
_cBuenos Aires, Argentina)
_935712
245 1 0 _a2a Reunión IFLA de Expertos sobre un Código Internacional de Catalogación :
_bantecedentes y documentos /
_cAgeo GarcÍa B., editor ; prólogo Barbara B. Tillett.
246 3 _aSegunda Reunión IFLA de Expertos sobre un Código Internacional de Catalogación
260 _aMéxico :
_bConsejo Consultivo Latinoamericano para la Cooperación en Catalogación :
_bUniversidad Autónoma de San Luis Potosi,
_c2004.
300 _a142 p. ;
_c28 cm.
440 0 _aSerie Catalographica ;
_v1
_935713
500 _aAt head of title: "IME ICC2."
500 _aIncluye glosario (p. 139-142)
500 _aIncluye notas al pie de las páginas.
504 _aContiene referencias bibliográficas.
611 2 0 _aInternational Conference on Cataloguing Principles
_d(1961 :
_cParis, France).
_tStatement of Principles.
_935714
611 2 0 _aIFLA Meeting of Experts on an International Cataloguing Code
_n(1st :
_d2003 :
_cFrankfurt am Main, Germany)
_935715
650 0 _aCataloging
_xStandards
_vCongresses.
_935716
700 1 _aGarcia B., Ageo
_q(García Barbabosa)
_935717
710 2 _aInternational Federation of Library Associations and Institutions.
_935718
710 2 _aConsejo Consultivo Latinoamericano para la Cooperacion en Catalogacion.
_935719
049 _aBNGR
999 _c15406
_d15406